| 000 | 00832nas a22001937a 4500 | ||
|---|---|---|---|
| 999 |
_c121129 _d121129 |
||
| 001 | K121129 | ||
| 007 | ta | ||
| 008 | 191014b2019 ||||| |||| 00| 0 eng d | ||
| 041 | _aeng | ||
| 100 | _aGreen, Andrew | ||
| 245 | _aSet for life | ||
| 260 | _c2019 | ||
| 490 |
_aRICS Property Journal _vOctober-November 2019, 24-27(4) |
||
| 520 | _aSummarises the key points and coverage of International Construction Measurement Standards (ICMS2) (K121112) published October 2019 relating to construction and life cycle benchmarking costs including asset renewals, operations and maintenance and end of life costs. Compares ICMS1 and ICMS2. | ||
| 650 | _aICMS2 | ||
| 651 | _aUnited Kingdom 1973 | ||
| 690 |
_96256 _aMeasurement |
||
| 856 |
_uhttps://issuu.com/ricsmodus/docs/property_journal_oct-nov_2019 _yAvailable free online via Issuu |
||